| 000 | 00577nam a2200181Ia 4500 | ||
|---|---|---|---|
| 003 | GCL | ||
| 008 | 140319s9999 xx 000 0 ara d | ||
| 040 |
_aGCL / _cGCL |
||
| 082 | 0 | 4 |
_a939.4 _bك ق |
| 100 | 1 | _aالياس مرقص | |
| 245 | 1 | 0 |
_aالقرى الاولى فى بلاد الشام من الالف التاسع حتى الالف السابع ق.م / _cالياس مرقص |
| 700 | 1 | _aكوفان, جاك | |
| 300 | _a25 ص | ||
| 490 | _a | ||
| 650 | 0 | 4 | _aالشام - تاريخ |
| 650 | 0 | 4 | _aشبه الجزيرة العربية - تاريخ |
| 942 |
_2ddc _cBK |
||
| 999 |
_c44790 _d44790 |
||